000
00230nam a2200097Ia 4500
001
646959
005
20250826153653.0
008
250824s9999 xx 000 0 und d
245
0
_a
SİHİRLİ YÜZÜK
_c
ZEHRA TAPUNÇ
260
_b
TUDEM
999
_c
646959
_d
646959